The prevention of plastic and cheque fraud revisited
| VerfasserInnen: | ; |
|---|---|
| Medienart: | Druck Buch |
| Sprache: | Englisch |
| Veröffentlicht: |
London
Home Office, Research and Statistics Directorate
1998
|
| In: |
Home Office research study (182)
Jahr: 1998 |
| Ausgabe: | 1. publ. |
| Online-Zugang: |
Inhaltsverzeichnis (kostenfrei) |
| Bestand in Tübingen: | In Tübingen vorhanden. IFK: S 42 182 UB: KB 8 E 7228 |
| Verfügbarkeit prüfen: | HBZ Gateway |
| Subito Bestelldienst: | Jetzt bestellen. |
MARC
| LEADER | 00000cam a2200000 c 4500 | ||
|---|---|---|---|
| 001 | 1622084403 | ||
| 003 | DE-627 | ||
| 005 | 20251225202423.0 | ||
| 007 | tu | ||
| 008 | 980421s1998 xx ||||| 00| ||eng c | ||
| 020 | |a 1840820640 |9 1-84082-064-0 | ||
| 035 | |a (DE-627)1622084403 | ||
| 035 | |a (DE-576)065446224 | ||
| 035 | |a (DE-599)BSZ065446224 | ||
| 035 | |a (OCoLC)39103757 | ||
| 040 | |a DE-627 |b ger |c DE-627 |e rakwb | ||
| 041 | |a eng | ||
| 082 | 0 | |a 364.163/0941 | |
| 084 | |a PH 8000 |2 rvk |0 (DE-625)rvk/136482: | ||
| 100 | 1 | |8 1\p |a Levi, Michael |d 1948- |0 (DE-588)171516753 |0 (DE-627)061725668 |0 (DE-576)132305291 |4 aut | |
| 109 | |a Levi, Michael 1948- | ||
| 245 | 1 | 4 | |a The prevention of plastic and cheque fraud revisited |c by Michael Levi and Jim Handley |
| 250 | |a 1. publ. | ||
| 264 | 1 | |a London |b Home Office, Research and Statistics Directorate |c 1998 | |
| 300 | |a V, 36 S. | ||
| 336 | |a Text |b txt |2 rdacontent | ||
| 337 | |a ohne Hilfsmittel zu benutzen |b n |2 rdamedia | ||
| 338 | |a Band |b nc |2 rdacarrier | ||
| 490 | 1 | |a Home Office research study |v 182 | |
| 583 | 1 | |a Archivierung prüfen |c 20200919 |f DE-640 |z 3 |2 pdager | |
| 700 | 1 | |a Handley, Jim |4 aut | |
| 810 | 2 | |a Großbritannien |b Home Office |t Home Office research study |v 182 |9 182 |w (DE-627)167286013 |w (DE-576)013085530 |w (DE-600)441298-9 |x 0072-6435 |7 am | |
| 856 | 4 | 2 | |u http://www.gbv.de/dms/spk/sbb/recht/toc/271954809.pdf |x Verlag |z kostenfrei |3 Inhaltsverzeichnis |7 0 |
| 883 | |8 1\p |a cgwrk |d 20250301 |q DE-101 |u https://d-nb.info/provenance/plan#cgwrk | ||
| 936 | r | v | |a PH 8000 |b Schriftenreihen, Serien, Kongressberichte, Sammelwerke |k Rechtswissenschaft |k Strafrecht, Strafverfahrensrecht, Kriminologie |k Kriminologie |k Allgemeines |k Schriftenreihen, Serien, Kongressberichte, Sammelwerke |0 (DE-627)127212715X |0 (DE-625)rvk/136482: |0 (DE-576)20212715X |
| 951 | |a BO | ||
| ELC | |b 1 | ||
| LOK | |0 000 xxxxxcx a22 zn 4500 | ||
| LOK | |0 001 3243887089 | ||
| LOK | |0 003 DE-627 | ||
| LOK | |0 004 1622084403 | ||
| LOK | |0 005 19990415000000 | ||
| LOK | |0 008 980618||||||||||||||||ger||||||| | ||
| LOK | |0 040 |a DE-21 |c DE-627 |d DE-21 | ||
| LOK | |0 852 |a DE-21 | ||
| LOK | |0 852 1 |c KB 8 E 7228 |9 00 | ||
| LOK | |0 935 |a krim | ||
| LOK | |0 936ln |a k10.12 | ||
| LOK | |0 939 |a 18-06-98 |b l01 | ||
| LOK | |0 000 xxxxxcx a22 zn 4500 | ||
| LOK | |0 001 3243887135 | ||
| LOK | |0 003 DE-627 | ||
| LOK | |0 004 1622084403 | ||
| LOK | |0 005 19980729000000 | ||
| LOK | |0 008 980729||||||||||||||||ger||||||| | ||
| LOK | |0 040 |a DE-21-110 |c DE-627 |d DE-21-110 | ||
| LOK | |0 852 |a DE-21-110 | ||
| LOK | |0 852 1 |c S 42 182 |m p |9 00 | ||
| LOK | |0 935 |a k110 | ||
| LOK | |0 938 |k p | ||
| LOK | |0 939 |a 29-07-98 |b l01 | ||
| ORI | |a SA-MARC-krimdoka001.raw | ||
| SIG | |a IFK: S 42 182 | ||
| SIG | |a UB: KB 8 E 7228 | ||
